| 000 | 00341nam a2200133Ia 4500 | ||
|---|---|---|---|
| 005 | 20251222141951.0 | ||
| 008 | 251222s9999||||xx |||||||||||||| ||spa|| | ||
| 020 | _a950-550-315-6 | ||
| 082 | _a800.7/V77 | ||
| 100 | _aVivante, María Delia | ||
| 245 | 0 | _aDidáctica de la Literatura | |
| 264 | _bMagisterio dek Río de la Plata | ||
| 942 | _cLIB | ||
| 999 |
_c9690 _d9690 |
||